000 00789nam0a22002531 4500
001 rc\389656
005 20250621065839.0
010 _a5-02-016696-0
_93000
035 _a(NLR Aleph) 005639471
090 _a6653345
_c6653345
100 _a20030616d1989 |||y0rusy50 ca
101 0 _arus
102 _aRU
105 _ay |||||||||
200 1 _aИрано-иракский конфликт
_eИст. очерк
_fАН СССР, Ин-т востоковедения
210 _aМ.
_cНаука
_d1989
215 _a174, [2] с.
_d22
320 _aБиблиогр. в примеч.: с. 132-139
700 1 _aНиязматов
_bШ.А.
_gШодмон Ахтамович
801 0 _aRU
_bNLR
_gpsbo
801 1 _aRU
_bELAR
_2rusmarc
852 _aNLR
_j89-5/3336
942 _cBOOK
980 _aNB